[Event "Bad Woerishofen Seniors op 24th"]
[Site "Bad Woerishofen"]
[Date "2008.02.28"]
[Round "1"]
[White "Kolkwitz, Klaus"]
[Black "Mantzouneas, Nikolaos"]
[Result "1/2-1/2"]
[WhiteElo "1714"]
[BlackElo "1792"]
[PlyCount "72"]
[EventDate "2008.02.28"]
[EventType "swiss"]
[EventRounds "9"]
[EventCountry "GER"]
[SourceTitle "EXT 2022"]
[Source "ChessBase"]
[SourceDate "2021.10.06"]
[SourceVersion "1"]
[SourceVersionDate "2021.10.06"]
[SourceQuality "1"]

1. d4 d5 2. Nf3 Nf6 3. e3 e6 4. Bd3 Bd6 5. Nbd2 Nbd7 6. 0-0 0-0 7. Re1 e5 8. e4 Nxe4 9. Nxe4 dxe4 10. Rxe4 f6 11. Rh4 g6 12. c3 Qe7 13. Qc2 Qf7 14. c4 c5 15. dxe5 Nxe5 16. Nxe5 Bxe5 17. Be3 b6 18. f4 Bb8 19. Rh6 f5 20. Rh3 Bb7 21. Rg3 Bc7 22. Be2 Be4 23. Qc3 Rad8 24. Rd1 Rxd1+ 25. Bxd1 Qf6 26. Qxf6 Rxf6 27. h4 Rd6 28. Be2 Bd3 29. Kf2 Bxe2 30. Kxe2 Kf7 31. Rf3 Bd8 32. g3 Bf6 33. b3 Bb2 34. Rf1 a5 35. Rd1 Rxd1 36. Kxd1 Ke6 1/2-1/2

[Event "Bad Woerishofen Seniors opA 23rd"]
[Site "Bad Woerishofen"]
[Date "2007.03.08"]
[Round "1"]
[White "Mantzouneas, Nikolaos"]
[Black "Lang, Hermann"]
[Result "1/2-1/2"]
[WhiteElo "1921"]
[BlackElo "1718"]
[PlyCount "98"]
[EventDate "2007.03.08"]
[EventType "swiss"]
[EventRounds "9"]
[EventCountry "GER"]
[SourceTitle "EXT 2022"]
[Source "ChessBase"]
[SourceDate "2021.10.06"]
[SourceVersion "1"]
[SourceVersionDate "2021.10.06"]
[SourceQuality "1"]

1. d4 Nf6 2. c4 c5 3. d5 b5 4. cxb5 a6 5. bxa6 Bxa6 6. Nc3 g6 7. g3 Bg7 8. Bg2 d6 9. Nf3 0-0 10. 0-0 Nbd7 11. Qc2 Ng4 12. Rb1 Nde5 13. Nxe5 Nxe5 14. b3 Qa5 15. Bd2 Qa3 16. Qc1 Qxc1 17. Rfxc1 Rab8 18. Bf1 Rb7 19. f4 Ng4 20. e3 Bxf1 21. Kxf1 Nxh2+ 22. Kg2 Ng4 23. a4 Rfb8 24. Nb5 Rxb5 25. axb5 Rxb5 26. Kf3 h5 27. Rc4 f5 28. Bc3 Bxc3 29. Rxc3 Nf6 30. Rd1 Ne4 31. Rcd3 Ra5 32. R1d2 Ra3 33. Rc2 Ra1 34. Kg2 Kf7 35. b4 cxb4 36. Rb2 Rc1 37. Rd4 b3 38. Rxe4 fxe4 39. Rxb3 Rc2+ 40. Kf1 Rd2 41. Rb4 Rxd5 42. Rxe4 Rd2 43. Ra4 d5 44. Ra6 e6 45. Ra8 Rh2 46. Rb8 Rc2 47. Ra8 Rd2 48. Rb8 Rc2 49. Ra8 Rd2 1/2-1/2

[Event "Bad Woerishofen op 22nd"]
[Site "Bad Woerishofen"]
[Date "2006.03.22"]
[Round "6"]
[White "Mantzouneas, Nikolaos"]
[Black "Hoennekes, Klaus"]
[Result "1-0"]
[WhiteElo "2010"]
[BlackElo "2138"]
[PlyCount "51"]
[EventDate "2006.03.17"]
[EventType "swiss"]
[EventRounds "9"]
[EventCountry "GER"]
[SourceTitle "CBM 111 Extra"]
[Source "ChessBase"]
[SourceDate "2006.05.09"]
[SourceVersion "1"]
[SourceVersionDate "2006.05.09"]
[SourceQuality "1"]

1. d4 f5 2. c4 Nf6 3. Nc3 g6 4. g3 Bg7 5. Bg2 d6 6. Nf3 0-0 7. 0-0 Qe8 8. d5 Na6 9. Nd4 Nc5 10. b4 e5 11. bxc5 exd4 12. Nb5 dxc5 13. Nxc7 Qe5 14. Bf4 Qe7 15. Nxa8 Ne8 16. Rb1 Nd6 17. Qa4 g5 18. Bxd6 Qxd6 19. Qxa7 f4 20. Qb6 Qe5 21. Rbe1 Bf5 22. Nc7 fxg3 23. hxg3 Rf6 24. Ne6 Bxe6 25. dxe6 Bf8 26. Qxb7 1-0

[Event "Bad Woerishofen Seniors opA 22th"]
[Site "Bad Woerishofen"]
[Date "2006.03.17"]
[Round "1"]
[White "Buchner, Matthias"]
[Black "Mantzouneas, Nikolaos"]
[Result "0-1"]
[WhiteElo "1469"]
[BlackElo "2051"]
[PlyCount "32"]
[EventDate "2006.03.17"]
[EventType "swiss"]
[EventRounds "9"]
[EventCountry "GER"]
[SourceTitle "EXT 2022"]
[Source "ChessBase"]
[SourceDate "2021.10.06"]
[SourceVersion "1"]
[SourceVersionDate "2021.10.06"]
[SourceQuality "1"]

1. e4 c5 2. d4 cxd4 3. Qxd4 Nc6 4. Qc3 e5 5. a3 Nf6 6. Bd3 d5 7. exd5 Nxd5 8. Qc4 Nb6 9. Qa2 Be6 10. b3 Bd6 11. Nf3 0-0 12. 0-0 Kh8 13. Re1 f5 14. Bg5 Qc7 15. Bc4 Nxc4 16. bxc4 e4 0-1

[Event "Bad Woerishofen Seniors op 21st"]
[Site "Bad Woerishofen"]
[Date "2005.03.11"]
[Round "9"]
[White "Mantzouneas, Nikolaos"]
[Black "Reimann, Guenther"]
[Result "0-1"]
[WhiteElo "1873"]
[BlackElo "1927"]
[PlyCount "78"]
[EventDate "2005.03.03"]
[EventType "swiss"]
[EventRounds "9"]
[EventCountry "GER"]
[SourceTitle "EXT 2006"]
[Source "ChessBase"]
[SourceDate "2005.11.24"]
[SourceVersion "1"]
[SourceVersionDate "2005.11.24"]
[SourceQuality "1"]

1. d4 e6 2. c4 f5 3. g3 Nf6 4. Bg2 c6 5. Nf3 Be7 6. Nc3 0-0 7. 0-0 d6 8. b4 Ne4 9. Bb2 Nd7 10. Qb3 Ndf6 11. Rad1 Qe8 12. c5 d5 13. Ne5 Qh5 14. Bf3 Qe8 15. a4 Nd7 16. Nd3 Bf6 17. Nb1 Kh8 18. Rfe1 Qf7 19. b5 Re8 20. Bg2 e5 21. f3 Ng5 22. h4 Ne6 23. Nxe5 Bxe5 24. dxe5 Ndxc5 25. Qc2 Bd7 26. Ba3 b6 27. bxc6 Bxc6 28. Nc3 Rac8 29. Nb5 Bxb5 30. axb5 Ne4 31. Qa2 Nxg3 32. Qxd5 Qg6 33. e3 f4 34. e4 Rc2 35. Rd2 Rxd2 36. Qxd2 Rd8 37. Bd6 Rc8 38. Rc1 Rxc1+ 39. Qxc1 Ne2+ 0-1

[Event "Bad Woerishofen Seniors op 21st"]
[Site "Bad Woerishofen"]
[Date "2005.03.07"]
[Round "5"]
[White "Mantzouneas, Nikolaos"]
[Black "Mueller, Manfred"]
[Result "0-1"]
[WhiteElo "1873"]
[BlackElo "1901"]
[PlyCount "68"]
[EventDate "2005.03.03"]
[EventType "swiss"]
[EventRounds "9"]
[EventCountry "GER"]
[SourceTitle "EXT 2006"]
[Source "ChessBase"]
[SourceDate "2005.11.24"]
[SourceVersion "1"]
[SourceVersionDate "2005.11.24"]
[SourceQuality "1"]

1. d4 Nf6 2. Nf3 e6 3. c4 d5 4. Nc3 Be7 5. Bg5 0-0 6. e3 b6 7. cxd5 exd5 8. Bd3 Bb7 9. Rc1 c5 10. 0-0 Nc6 11. Re1 c4 12. Bb1 Re8 13. Ne5 Nxe5 14. dxe5 Ne4 15. Bxe7 Rxe7 16. f4 Nxc3 17. bxc3 Re6 18. Qg4 Qe7 19. Rf1 Rh6 20. Qg3 f6 21. exf6 Qxf6 22. Rfd1 Re8 23. Rd4 b5 24. Rf1 Qe7 25. Re1 Re6 26. Kf2 Qa3 27. f5 Rf6 28. Rg4 Rf7 29. e4 dxe4 30. Bxe4 Bxe4 31. Rgxe4 Qc5+ 32. R4e3 Rxf5+ 33. Kg1 Rfe5 34. Kf2 a5 0-1

[Event "Bad Woerishofen Seniors op 21st"]
[Site "Bad Woerishofen"]
[Date "2005.03.05"]
[Round "3"]
[White "Mantzouneas, Nikolaos"]
[Black "Rahn, Oskar"]
[Result "0-1"]
[WhiteElo "1873"]
[BlackElo "2000"]
[PlyCount "114"]
[EventDate "2005.03.03"]
[EventType "swiss"]
[EventRounds "9"]
[EventCountry "GER"]
[SourceTitle "EXT 2006"]
[Source "ChessBase"]
[SourceDate "2005.11.24"]
[SourceVersion "1"]
[SourceVersionDate "2005.11.24"]
[SourceQuality "1"]

1. d4 Nf6 2. c4 e6 3. Nf3 b6 4. g3 Bb7 5. Bg2 Be7 6. 0-0 0-0 7. Nc3 Ne4 8. Nxe4 Bxe4 9. Ne1 Bxg2 10. Nxg2 d5 11. cxd5 exd5 12. b3 Nd7 13. Nf4 Nf6 14. Bb2 Rc8 15. Rc1 c6 16. Rc2 Qd7 17. h4 Bd6 18. Qc1 Qg4 19. Kg2 Rfe8 20. e3 Bxf4 21. exf4 Qe6 22. Bc3 Qe4+ 23. f3 Qd3 24. Rd2 Qb5 25. Rdf2 h5 26. Re1 Rxe1 27. Bxe1 Re8 28. Rc2 Re2+ 29. Bf2 Qd3 30. Rxe2 Qxe2 31. a4 Qe6 32. a5 bxa5 33. Qc5 Qd7 34. Qxa5 Ne8 35. Qa6 Nd6 36. Qe2 Qe6 37. Qe5 g6 38. Qg5 Kg7 39. Qe5+ Kh7 40. Qxe6 fxe6 41. g4 Nb5 42. Kf1 Kg7 43. Ke2 Kf7 44. Kd3 Ke7 45. Be1 Kd7 46. Bb4 a6 47. Bc5 Nd6 48. Kc3 Ne8 49. Kb4 Nf6 50. g5 Ne8 51. Bf8 Nd6 52. Kc3 Nf5 53. Kd3 Nxh4 54. Ke2 Ng2 55. Bg7 Nh4 56. Kf2 Nf5 57. Be5 Kc8 0-1

[Event "Bad Woerishofen Seniors op 21st"]
[Site "Bad Woerishofen"]
[Date "2005.03.03"]
[Round "1"]
[White "Mantzouneas, Nikolaos"]
[Black "Sieghardt, Walter"]
[Result "1-0"]
[WhiteElo "1873"]
[BlackElo "1513"]
[PlyCount "113"]
[EventDate "2005.03.03"]
[EventType "swiss"]
[EventRounds "9"]
[EventCountry "GER"]
[SourceTitle "EXT 2006"]
[Source "ChessBase"]
[SourceDate "2005.11.24"]
[SourceVersion "1"]
[SourceVersionDate "2005.11.24"]
[SourceQuality "1"]

1. d4 d5 2. c4 e6 3. Nf3 b6 4. cxd5 exd5 5. Nc3 Bb7 6. Bf4 c6 7. e3 Nf6 8. Bd3 Be7 9. Qc2 Nbd7 10. Ne5 h6 11. h4 Nxe5 12. Bxe5 0-0 13. Qe2 Bc8 14. Bc2 Ne4 15. Nxe4 dxe4 16. Bxe4 Bb4+ 17. Kf1 a5 18. Bxc6 Ra7 19. Kg1 Be6 20. a3 Be7 21. Bg3 Bd6 22. Bxd6 Qxd6 23. Qf3 h5 24. d5 Bg4 25. Qf4 Qxf4 26. exf4 Rc7 27. Ba4 Rc4 28. Bb3 Rxf4 29. f3 Bd7 30. Kf2 a4 31. Ba2 Re8 32. g3 Rd4 33. Rad1 Rxd1 34. Rxd1 Bb5 35. Rd2 Kf8 36. Bb1 Bc4 37. Be4 g6 38. d6 Rd8 39. Bc6 Be6 40. Bxa4 Bd7 41. Bc2 f5 42. Bb3 Kg7 43. Ke3 Kf6 44. Kf4 Bc6 45. Ba2 Rd7 46. Bc4 b5 47. Bb3 Bb7 48. a4 Bc6 49. a5 Ra7 50. Re2 Rd7 51. Re6+ Kg7 52. Kg5 Bxf3 53. Rxg6+ Kh7 54. Be6 Rd8 55. a6 Kh8 56. d7 Bc6 57. a7 1-0

[Event "Biel MTO op"]
[Site "Biel"]
[Date "2002.07.29"]
[Round "7"]
[White "Mantzouneas, Nikolaos"]
[Black "Balenovic, Zvonimir"]
[Result "0-1"]
[WhiteElo "2013"]
[BlackElo "2200"]
[PlyCount "58"]
[EventDate "2002.07.22"]
[EventType "swiss"]
[EventRounds "11"]
[EventCountry "SUI"]
[SourceTitle "EXT 2003"]
[Source "ChessBase"]
[SourceDate "2002.11.25"]
[SourceVersion "1"]
[SourceVersionDate "2002.11.25"]
[SourceQuality "1"]

1. d4 Nf6 2. c4 g6 3. Nc3 Bg7 4. e4 d6 5. Be2 0-0 6. Bg5 c5 7. d5 e6 8. dxe6 Bxe6 9. Qd2 Nc6 10. Nf3 a6 11. 0-0 Qc7 12. Nd5 Bxd5 13. exd5 Ne4 14. Qc1 Nxg5 15. Nxg5 Nd4 16. Bd1 Rae8 17. Qd2 Bh6 18. f4 Qe7 19. Nf3 Bg7 20. g3 Qe4 21. Kg2 Nf5 22. Re1 Qxc4 23. Bb3 Qb5 24. Rab1 Rxe1 25. Rxe1 c4 26. Bc2 Qxb2 27. Rb1 Qxc2 28. Rxb7 Qxd2+ 29. Nxd2 c3 0-1

[Event "Bad Woerishofen Seniors op 18th"]
[Site "Bad Woerishofen"]
[Date "2002.03.11"]
[Round "5"]
[White "Haasper, Peter"]
[Black "Mantzouneas, Nikolaos"]
[Result "1/2-1/2"]
[WhiteElo "1793"]
[BlackElo "1865"]
[PlyCount "87"]
[EventDate "2002.03.??"]
[EventType "swiss"]
[EventRounds "9"]
[EventCountry "GER"]
[SourceTitle "EXT 2006"]
[Source "ChessBase"]
[SourceDate "2005.11.24"]
[SourceVersion "1"]
[SourceVersionDate "2005.11.24"]
[SourceQuality "1"]

1. d4 d5 2. c4 c6 3. Nf3 Nf6 4. Nc3 e6 5. cxd5 exd5 6. Bg5 Be7 7. e3 0-0 8. Qc2 Nbd7 9. Bd3 Re8 10. 0-0 Nf8 11. Rab1 Ng6 12. b4 a6 13. a4 b5 14. Bxg6 hxg6 15. Rb2 Bf5 16. Qe2 Nd7 17. Bxe7 Qxe7 18. a5 g5 19. Ne1 Qf6 20. Qd2 Re6 21. Nd3 Rae8 22. Rc1 Qg6 23. Ne1 g4 24. Ne2 Rd6 25. Rb3 Nf6 26. Ng3 Ne4 27. Nxe4 dxe4 28. Rbc3 Rc8 29. g3 Be6 30. Ng2 Bc4 31. Nf4 Qf5 32. Rxc4 bxc4 33. Rxc4 Qd7 34. Qc2 g5 35. Ng2 f5 36. Rc5 Rd5 37. Qc4 Qb7 38. Ne1 Kf8 39. Nc2 Ke7 40. Na3 Rxc5 41. Qxc5+ Ke8 42. Nc4 Rd8 43. Nd6+ Rxd6 44. Qxd6 1/2-1/2

[Event "Biel MTO op"]
[Site "Biel"]
[Date "2000.08.04"]
[Round "11"]
[White "Mantzouneas, Nikolaos"]
[Black "Tillmann, Marc"]
[Result "0-1"]
[WhiteElo "2037"]
[BlackElo "2134"]
[PlyCount "98"]
[EventDate "2000.07.24"]
[EventType "swiss"]
[EventRounds "11"]
[EventCountry "SUI"]
[SourceTitle "CBM 077 Extra"]
[Source "ChessBase"]
[SourceDate "2000.09.14"]
[SourceVersion "1"]
[SourceVersionDate "2000.09.14"]
[SourceQuality "1"]

1. d4 Nf6 2. Nf3 g6 3. c4 Bg7 4. Nc3 0-0 5. e4 d6 6. Be2 e5 7. 0-0 Nc6 8. d5 Ne7 9. Ne1 Ne8 10. b4 f5 11. Nd3 Nf6 12. f3 f4 13. g4 fxg3 14. hxg3 Nh5 15. Kh2 Qd7 16. Nf2 Kh8 17. Be3 Ng8 18. c5 Qe7 19. cxd6 cxd6 20. Rh1 Bh6 21. Qd2 g5 22. Ng4 Bxg4 23. fxg4 Nf4 24. Bf3 Nd3 25. Be2 Nxb4 26. Kg2 Qf6 27. Rh5 Na6 28. Rah1 Rf7 29. Rf1 Qg6 30. Rxf7 Qxf7 31. Bxg5 Bxg5 32. Rxg5 Nc5 33. Rf5 Qe7 34. g5 Qd7 35. Qe3 Ne7 36. Rf7 Nxd5 37. Qf3 Nf4+ 38. Rxf4 exf4 39. gxf4 Ne6 40. Nd5 Rc8 41. Qh5 Rc2 42. g6 Qg7 43. f5 Nd4 44. Nf4 Nxe2 45. Nxe2 Kg8 46. Kf3 hxg6 47. fxg6 Rc5 48. Qg4 Qf6+ 49. Ke3 Qg5+ 0-1

[Event "Biel MTO op"]
[Site "Biel"]
[Date "2000.08.02"]
[Round "9"]
[White "Mantzouneas, Nikolaos"]
[Black "Kleinhenz, Hans Georg"]
[Result "1/2-1/2"]
[WhiteElo "2037"]
[BlackElo "2041"]
[PlyCount "46"]
[EventDate "2000.07.24"]
[EventType "swiss"]
[EventRounds "11"]
[EventCountry "SUI"]
[SourceTitle "CBM 077 Extra"]
[Source "ChessBase"]
[SourceDate "2000.09.14"]
[SourceVersion "1"]
[SourceVersionDate "2000.09.14"]
[SourceQuality "1"]

1. d4 e6 2. c4 Nf6 3. Nf3 Bb4+ 4. Bd2 c5 5. dxc5 Bxc5 6. Nc3 0-0 7. e3 Nc6 8. Be2 b6 9. 0-0 Bb7 10. a3 a5 11. Qc2 Qc7 12. Nb5 Qb8 13. Bc3 Be7 14. Rfd1 d5 15. cxd5 Nxd5 16. Bd3 g6 17. Be1 Rc8 18. Qe2 Ne5 19. Nxe5 Qxe5 20. Nd4 Rc7 21. Rac1 Rac8 22. Rxc7 Rxc7 23. Nf3 Qh5 1/2-1/2

[Event "Biel MTO op"]
[Site "Biel"]
[Date "2000.07.28"]
[Round "5"]
[White "Mantzouneas, Nikolaos"]
[Black "Leutwyler, Martin"]
[Result "0-1"]
[WhiteElo "2037"]
[BlackElo "2154"]
[PlyCount "72"]
[EventDate "2000.07.24"]
[EventType "swiss"]
[EventRounds "11"]
[EventCountry "SUI"]
[SourceTitle "CBM 077 Extra"]
[Source "ChessBase"]
[SourceDate "2000.09.14"]
[SourceVersion "1"]
[SourceVersionDate "2000.09.14"]
[SourceQuality "1"]

1. d4 Nf6 2. Nf3 e6 3. c4 Bb4+ 4. Bd2 Qe7 5. Nc3 b6 6. e3 0-0 7. Be2 Bb7 8. 0-0 c5 9. a3 Bxc3 10. Bxc3 d6 11. b4 Nbd7 12. Qb3 Ne4 13. Be1 e5 14. d5 f5 15. Nd2 Ng5 16. f3 Rae8 17. Rf2 Qf6 18. Rd1 Qg6 19. Kh1 Re7 20. f4 exf4 21. exf4 Rfe8 22. Qd3 Re3 23. Qb1 Nh3 24. gxh3 Rxe2 25. Nf3 Qh5 26. Ng1 Rxf2 27. Bxf2 Re4 28. bxc5 dxc5 29. Re1 Rxc4 30. Qd1 Qxd1 31. Rxd1 Nf6 32. Ne2 Bxd5+ 33. Kg1 Bf3 34. Re1 Bxe2 35. Rxe2 Rxf4 36. Re7 Ra4 0-1

[Event "Biel MTO op"]
[Site "Biel"]
[Date "2000.07.26"]
[Round "3"]
[White "Carrasco, Paul"]
[Black "Mantzouneas, Nikolaos"]
[Result "1-0"]
[WhiteElo "2155"]
[BlackElo "2037"]
[PlyCount "117"]
[EventDate "2000.07.24"]
[EventType "swiss"]
[EventRounds "11"]
[EventCountry "SUI"]
[SourceTitle "CBM 077 Extra"]
[Source "ChessBase"]
[SourceDate "2000.09.14"]
[SourceVersion "1"]
[SourceVersionDate "2000.09.14"]
[SourceQuality "1"]

1. e4 c5 2. Nf3 Nc6 3. Nc3 d6 4. d4 cxd4 5. Nxd4 Nf6 6. Bg5 e6 7. Qd2 Be7 8. 0-0-0 0-0 9. f3 Nxd4 10. Qxd4 Qa5 11. h4 Rd8 12. Kb1 Bd7 13. g4 Bc6 14. Qd2 Qc7 15. Be2 a6 16. h5 b5 17. Rde1 b4 18. Nd1 a5 19. Be3 d5 20. e5 Nd7 21. Bf4 a4 22. g5 Nb6 23. g6 Nc4 24. gxf7+ Kh8 25. Bxc4 dxc4 26. Qg2 b3 27. Reg1 bxc2+ 28. Kxc2 Bf8 29. h6 Qxf7 30. hxg7+ Bxg7 31. Ne3 Ra7 32. Qh3 Bf8 33. Bg5 Be7 34. Bh6 Rg8 35. Rxg8+ Qxg8 36. Rh2 Qg6+ 37. Kc1 Bg5 38. f4 Bd8 39. Qf1 Bb6 40. f5 exf5 41. Bf4 c3 42. bxc3 Bc5 43. Nc2 Be4 44. Rh6 Qg4 45. e6 Kg8 46. Rh3 Bg2 47. Qc4 Bd5 48. Qxc5 Qxf4+ 49. Re3 Bxe6 50. Qxa7 Bxa2 51. Kb2 Bf7 52. Qd4 Qb8+ 53. Qb4 a3+ 54. Kxa3 Qh2 55. Kb2 f4 56. Qb8+ Kg7 57. Qe5+ Kg8 58. Rd3 Qh4 59. Rd4 1-0

[Event "Bad Woerishofen op 16th"]
[Site "Bad Woerishofen"]
[Date "2000.03.18"]
[Round "2"]
[White "Mantzouneas, Nikolaos"]
[Black "Liszka, Guenter"]
[Result "1/2-1/2"]
[WhiteElo "2045"]
[BlackElo "1770"]
[PlyCount "102"]
[EventDate "2000.03.??"]
[EventType "swiss"]
[EventRounds "9"]
[EventCountry "GER"]
[SourceTitle "CBM 075 Extra"]
[Source "ChessBase"]
[SourceDate "2000.05.11"]
[SourceVersion "2"]
[SourceVersionDate "2000.05.11"]
[SourceQuality "1"]

1. d4 d5 2. c4 e6 3. Nc3 Nf6 4. Nf3 Nbd7 5. e3 Be7 6. Bd3 0-0 7. 0-0 c6 8. e4 dxe4 9. Nxe4 Nxe4 10. Bxe4 Nf6 11. Bc2 b6 12. Qd3 Bb7 13. Bg5 g6 14. Rad1 Nd7 15. Bxe7 Qxe7 16. Rfe1 Rad8 17. a3 Qf6 18. Qe4 Ba8 19. Ne5 c5 20. Nxd7 Rxd7 21. Qe5 Qxe5 22. dxe5 Rfd8 23. Rxd7 Rxd7 24. Rd1 Rxd1+ 25. Bxd1 a5 26. Bc2 Bc6 27. Bd3 Kf8 28. h4 Kg7 29. f3 Bb7 30. Kf2 Bc6 31. Ke3 Ba4 32. Kf4 Bc6 33. h5 Ba4 34. hxg6 hxg6 35. Kg5 Bb3 36. g4 Bd1 37. f4 Bb3 38. f5 gxf5 39. gxf5 exf5 40. Kxf5 Kf8 41. Kf6 Ke8 42. e6 fxe6 43. Kxe6 Kd8 44. Kd6 Ba4 45. Be4 Kc8 46. Bc6 Bb3 47. Bd5 Kb8 48. Kc6 Ka7 49. Kc7 Ba4 50. Bc6 Bb3 51. Bb5 Bd1 1/2-1/2

[Event "Bad Woerishofen op 15th"]
[Site "Bad Woerishofen"]
[Date "1999.??.??"]
[Round "1"]
[White "Dgebuadze, Alexandre"]
[Black "Mantzouneas, Nikolaos"]
[Result "1-0"]
[WhiteElo "2541"]
[BlackElo "2058"]
[PlyCount "41"]
[EventDate "1999.03.05"]
[EventType "swiss"]
[EventRounds "9"]
[EventCountry "GER"]
[SourceTitle "EXT 2000"]
[Source "ChessBase"]
[SourceDate "1999.11.16"]
[SourceVersion "1"]
[SourceVersionDate "1999.11.16"]
[SourceQuality "1"]

1. e4 c5 2. Nf3 Nc6 3. d4 cxd4 4. Nxd4 Nf6 5. Nc3 a6 6. Nxc6 bxc6 7. e5 Ng8 8. Bc4 e6 9. 0-0 Qc7 10. Re1 d5 11. exd6 Bxd6 12. Ne4 Be7 13. Qg4 g6 14. Qf3 f6 15. Bf4 Qb6 16. Rad1 Bd7 17. Nd6+ Bxd6 18. Rxd6 Rc8 19. Rxd7 Kxd7 20. Bxe6+ Kd8 21. Qd1+ 1-0

[Event "Vienna op 13th"]
[Site "Vienna"]
[Date "1998.??.??"]
[Round "?"]
[White "Mantzouneas, Nikolaos"]
[Black "Schwab, Rene"]
[Result "0-1"]
[WhiteElo "2030"]
[BlackElo "2290"]
[PlyCount "158"]
[EventDate "1998.10.25"]
[EventType "swiss"]
[EventRounds "9"]
[EventCountry "AUT"]
[SourceTitle "EXT 2000"]
[Source "ChessBase"]
[SourceDate "1999.11.16"]
[SourceVersion "1"]
[SourceVersionDate "1999.11.16"]
[SourceQuality "1"]

1. d4 c6 2. c4 d6 3. Nf3 Bg4 4. e4 Nd7 5. Be2 e5 6. 0-0 Be7 7. Nc3 Qb6 8. Na4 Qc7 9. Be3 Ngf6 10. Nc3 0-0 11. Rc1 a6 12. Qd2 Bh5 13. h3 Bg6 14. Bd3 Rad8 15. Nh2 exd4 16. Bxd4 Ne5 17. f4 Nxd3 18. Qxd3 h6 19. f5 Bh7 20. Qd2 Qd7 21. Qf4 b5 22. b3 c5 23. Be3 b4 24. Ne2 Rfe8 25. Ng3 a5 26. Rce1 a4 27. Bc1 Qa7 28. Re2 a3 29. Qf3 Nd7 30. Nh5 Bf6 31. Nxf6+ Nxf6 32. Rfe1 Qe7 33. g4 Nd7 34. Bf4 f6 35. Qg3 Nb6 36. Qd3 g5 37. Bg3 Kg7 38. Nf3 Bg8 39. Rd2 Nc8 40. h4 Bf7 41. Rh2 Rh8 42. Kf2 Be8 43. hxg5 hxg5 44. Rxh8 Kxh8 45. Rh1+ Kg7 46. Qf1 Bc6 47. Qh3 Rg8 48. Qh7+ Kf8 49. Qxe7+ Kxe7 50. Rh7+ Ke8 51. Nd2 Bd7 52. Nf1 Rf8 53. Ne3 Rf7 54. Rh8+ Rf8 55. Rh6 Bc6 56. Kf3 Kd7 57. Rh7+ Kd8 58. Nf1 Re8 59. Nd2 Rf8 60. Bh2 Bd7 61. Nf1 Kc7 62. Ng3 Nb6 63. Ne2 Nxc4 64. bxc4 b3 65. axb3 a2 66. Bxd6+ Kxd6 67. Rh1 Rb8 68. Ra1 Rxb3+ 69. Kf2 Rb2 70. Ke3 Ba4 71. Nc1 Bb3 72. Nxb3 Rxb3+ 73. Kd2 Ra3 74. Kc2 Ke5 75. Kb2 Ra8 76. Kc2 Kxe4 77. Kb2 Kf3 78. Rf1+ Kxg4 79. Ka1 Ra4 0-1

[Event "Wch Seniors 07th"]
[Site "Bad Wildbad"]
[Date "1997.??.??"]
[Round "9"]
[White "Bierwisch, Bernhard"]
[Black "Mantzouneas, Nikolaos"]
[Result "1-0"]
[WhiteElo "2162"]
[BlackElo "2040"]
[PlyCount "115"]
[EventDate "1997.11.13"]
[EventType "swiss"]
[EventRounds "11"]
[EventCountry "GER"]
[SourceTitle "EXT 1999"]
[Source "ChessBase"]
[SourceDate "1998.11.16"]
[SourceVersion "1"]
[SourceVersionDate "1998.11.16"]
[SourceQuality "1"]

1. e4 c5 2. Nc3 Nc6 3. g3 g6 4. Bg2 Bg7 5. d3 d6 6. Be3 e6 7. Qd2 Rb8 8. Nge2 Nd4 9. Nd1 Nxe2 10. Qxe2 Ne7 11. 0-0 0-0 12. f4 b6 13. c4 Bd7 14. Nc3 a6 15. Qf2 Nc6 16. Rac1 Nd4 17. Ne2 Nxe2+ 18. Qxe2 b5 19. b3 a5 20. e5 Qc7 21. d4 bxc4 22. bxc4 cxd4 23. Bxd4 dxe5 24. Bxe5 Bxe5 25. Qxe5 Qxe5 26. fxe5 Rfc8 27. c5 Bc6 28. Rf2 Bxg2 29. Kxg2 Rc6 30. Kf3 Kg7 31. Ke3 Rb5 32. Rfc2 f6 33. Kd4 f5 34. Rc3 Rb4+ 35. Rc4 Rb8 36. Ra4 Rd8+ 37. Kc4 Rd5 38. Rxa5 Rxe5 39. Ra7+ Kf6 40. Kb5 Rc8 41. Kb6 Re2 42. c6 Rb2+ 43. Kc5 e5 44. h4 e4 45. Rc3 h6 46. c7 Ke7 47. Kc6 g5 48. Ra5 gxh4 49. gxh4 Kf6 50. Kd7 Rxc7+ 51. Kxc7 f4 52. Rc6+ Kg7 53. Rc4 Re2 54. Re5 f3 55. Rexe4 f2 56. Rf4 Rxa2 57. Rc6 h5 58. Rcf6 1-0